[Event "SVK-chT4 A21 2223"]
[Site "Slovakia"]
[Date "2022.10.23"]
[Round "2.5"]
[White "Sefcik, Oliver"]
[Black "Visvader, Rudolf"]
[Result "0-1"]
[WhiteElo "1306"]
[BlackElo "1272"]
[PlyCount "70"]
[EventDate "2022.10.09"]
[EventType "team-tourn"]
[EventRounds "11"]
[EventCountry "SVK"]
[SourceTitle "EXT 2024"]
[Source "ChessBase"]
[SourceDate "2023.10.10"]
[SourceVersion "1"]
[SourceVersionDate "2023.10.10"]
[SourceQuality "1"]
[WhiteTeam "Holic II"]
[BlackTeam "Brezova pod Bradlom"]
[WhiteTeamCountry "SVK"]
[BlackTeamCountry "SVK"]

1. e4 e6 2. d4 c5 3. d5 h6 4. c4 Be7 5. Nf3 d6 6. Be2 Nf6 7. Nc3 g5 8. e5 Ng4 9. exd6 Bxd6 10. h3 Nf6 11. Nd2 e5 12. Nde4 Bf5 13. Nxf6+ Qxf6 14. Bg4 Bg6 15. Nb5 h5 16. Nxd6+ Qxd6 17. Be2 f6 18. Bd3 e4 19. Qe2 Qe5 20. Bc2 Nd7 21. Rb1 Qe7 22. b3 f5 23. Bb2 Rf8 24. g3 0-0-0 25. Bc3 Rde8 26. b4 Ne5 27. Bxe5 Qxe5 28. bxc5 Qc3+ 29. Kf1 f4 30. Rb3 Qa1+ 31. Qd1 Qxa2 32. d6 Rf7 33. gxf4 gxf4 34. Rg1 e3 35. Bd3 Qxf2# 0-1

[Event "SVK-chT5 SE-SI 1920"]
[Site "Slovakia"]
[Date "2020.06.27"]
[Round "9.4"]
[White "Ralbovsky, Milan"]
[Black "Visvader, Rudolf"]
[Result "1/2-1/2"]
[WhiteElo "1271"]
[BlackElo "1280"]
[PlyCount "43"]
[EventDate "2019.10.19"]
[EventType "team-tourn"]
[EventRounds "14"]
[EventCountry "SVK"]
[SourceTitle "EXT 2022"]
[Source "ChessBase"]
[SourceDate "2021.10.06"]
[SourceVersion "1"]
[SourceVersionDate "2021.10.06"]
[SourceQuality "1"]
[WhiteTeam "Jabuca Petrova Ves Gbely V"]
[BlackTeam "Borsky Mikulas"]
[WhiteTeamCountry "SVK"]
[BlackTeamCountry "SVK"]

1. e4 e6 2. d3 d5 3. Nc3 Bb4 4. Bd2 Nf6 5. Nf3 c5 6. Ne5 Bxc3 7. Bxc3 dxe4 8. Ng4 exd3 9. Bxd3 Nbd7 10. Bb5 a6 11. Bxd7+ Bxd7 12. Qf3 Bc6 13. Nxf6+ gxf6 14. Qg3 Kf8 15. 0-0 Rg8 16. Rad1 Rxg3 17. Rxd8+ Rxd8 18. fxg3 f5 19. Bf6 Rd2 20. Rf2 Rd1+ 21. Rf1 Rd2 22. Rf2 1/2-1/2

[Event "Bratislava Doprastav op"]
[Site "Bratislava"]
[Date "2019.04.19"]
[Round "2"]
[White "Visvader, Rudolf"]
[Black "Miciak, Emanuel"]
[Result "0-1"]
[WhiteElo "1292"]
[BlackElo "1853"]
[PlyCount "72"]
[EventDate "2019.04.18"]
[EventType "swiss"]
[EventRounds "7"]
[EventCountry "SVK"]
[SourceTitle "CBM 189 Extra"]
[Source "ChessBase"]
[SourceDate "2019.06.03"]
[SourceVersion "1"]
[SourceVersionDate "2019.06.03"]
[SourceQuality "1"]

1. d4 d5 2. Nf3 Nf6 3. e3 Bg4 4. Bd3 e6 5. Nbd2 Bd6 6. c3 Nbd7 7. e4 dxe4 8. Nxe4 Nxe4 9. Bxe4 c6 10. 0-0 Nf6 11. Re1 Nxe4 12. Rxe4 Bh5 13. Qd3 Bg6 14. Bg5 Be7 15. Bxe7 Qxe7 16. Rae1 Bxe4 17. Rxe4 0-0-0 18. Re5 Rd5 19. Qc4 Rhd8 20. Qa4 Kb8 21. Re2 Qc7 22. Nd2 e5 23. Nb3 exd4 24. cxd4 Re5 25. Rxe5 Qxe5 26. g3 Qd5 27. Qb4 b6 28. Nc5 Qxd4 29. Qxd4 Rxd4 30. Nb3 Rd1+ 31. Kg2 Rb1 32. Nd4 c5 33. Nf5 Rxb2 34. Nxg7 c4 35. Nf5 c3 36. Ne3 c2 0-1

[Event "Bratislava Doprastav op"]
[Site "Bratislava"]
[Date "2019.04.18"]
[Round "1"]
[White "Medvec, Miroslav1111"]
[Black "Visvader, Rudolf"]
[Result "1-0"]
[WhiteElo "2002"]
[BlackElo "1292"]
[PlyCount "79"]
[EventDate "2019.04.18"]
[EventType "swiss"]
[EventRounds "7"]
[EventCountry "SVK"]
[SourceTitle "CBM 189 Extra"]
[Source "ChessBase"]
[SourceDate "2019.06.03"]
[SourceVersion "1"]
[SourceVersionDate "2019.06.03"]
[SourceQuality "1"]

1. e4 e6 2. d4 d5 3. Nd2 c5 4. c3 Nf6 5. e5 Nfd7 6. Bd3 b6 7. Ne2 Ba6 8. Bc2 Nc6 9. Nf3 Be7 10. 0-0 f6 11. Re1 Qc7 12. Nf4 Nf8 13. exf6 gxf6 14. Nxe6 Nxe6 15. Rxe6 0-0-0 16. Bf5 Kb8 17. Qa4 Bb7 18. dxc5 bxc5 19. Bf4 Bd6 20. Bxd6 Rxd6 21. Rae1 Nd8 22. Re7 Qc6 23. Qf4 Ka8 24. Qh6 Bc8 25. Bxc8 Qxc8 26. Qg7 Nc6 27. Rc7 Qf8 28. Qxf8+ Rxf8 29. Rxh7 d4 30. cxd4 cxd4 31. h4 d3 32. h5 d2 33. Rd1 Re8 34. Rxd2 Rxd2 35. Nxd2 Re2 36. Nf3 Rxb2 37. h6 Rxa2 38. Rg7 Ra5 39. h7 Rh5 40. Rg8+ 1-0

[Event "SVK-chT4 A21 1819"]
[Site "Slovakia"]
[Date "2019.02.17"]
[Round "9.4"]
[White "Visvader, Rudolf"]
[Black "Musaev, Matej Elbek"]
[Result "0-1"]
[WhiteElo "1290"]
[BlackElo "1747"]
[PlyCount "58"]
[EventDate "2018.10.14"]
[EventType "team-tourn"]
[EventRounds "11"]
[EventCountry "SVK"]
[SourceTitle "CBM 189 Extra"]
[Source "ChessBase"]
[SourceDate "2019.06.03"]
[SourceVersion "1"]
[SourceVersionDate "2019.06.03"]
[SourceQuality "1"]
[WhiteTeam "Stefanov"]
[BlackTeam "Piestany Kupele II"]
[WhiteTeamCountry "SVK"]
[BlackTeamCountry "SVK"]

1. d4 d5 2. Nf3 Nf6 3. e3 e6 4. Bd3 Be7 5. Nbd2 b6 6. c3 Bb7 7. 0-0 0-0 8. Re1 c5 9. e4 cxd4 10. cxd4 dxe4 11. Nxe4 Nxe4 12. Bxe4 Bxe4 13. Rxe4 Nc6 14. b3 Qd5 15. Qe2 Bf6 16. Bb2 Rfd8 17. Rd1 Rac8 18. h4 Nb4 19. Rc1 Nxa2 20. Rxc8 Rxc8 21. Qa6 Rc7 22. Nd2 Nb4 23. Qa4 Be7 24. Re5 Qd8 25. Re4 Rc2 26. Ba3 Ra2 27. Nc4 Qb8 28. Qd7 Ra1+ 29. Re1 Rxe1# 0-1

[Event "SVK-chT5 SE-SI 1819"]
[Site "Slovakia"]
[Date "2018.10.20"]
[Round "1.3"]
[White "Klimesova, Gabriela"]
[Black "Visvader, Rudolf"]
[Result "1-0"]
[WhiteElo "1321"]
[BlackElo "1305"]
[PlyCount "153"]
[EventDate "2018.10.20"]
[EventType "team-tourn"]
[EventRounds "10"]
[EventCountry "SVK"]
[SourceTitle "CBM 189 Extra"]
[Source "ChessBase"]
[SourceDate "2019.06.03"]
[SourceVersion "1"]
[SourceVersionDate "2019.06.03"]
[SourceQuality "1"]
[WhiteTeam "Stefanov II"]
[BlackTeam "Borsky Mikulas"]
[WhiteTeamCountry "SVK"]
[BlackTeamCountry "SVK"]

1. e4 c5 2. Nf3 Nc6 3. c3 g6 4. d4 cxd4 5. Nxd4 Bg7 6. Nxc6 bxc6 7. Bc4 d6 8. Be3 Bb7 9. Bd4 e5 10. Be3 Nf6 11. Nd2 0-0 12. 0-0 c5 13. Bg5 Qd7 14. Bxf6 Bxf6 15. Qf3 Kg7 16. b3 Bg5 17. Rad1 Rad8 18. Bd5 Bxd2 19. Rxd2 f5 20. Rfd1 Rf6 21. c4 Bc8 22. exf5 Qxf5 23. Be4 Qxf3 24. Bxf3 h5 25. h3 a5 26. Rd5 Rdf8 27. Rxd6 Rxd6 28. Rxd6 Bxh3 29. Rd5 Bf5 30. Rxe5 Bb1 31. Rxc5 Bxa2 32. Rxa5 Bxb3 33. c5 Rf5 34. Ra7+ Kf6 35. c6 Rc5 36. c7 Be6 37. Be2 Bc8 38. Ba6 Bxa6 39. Rxa6+ Ke7 40. Ra7 Kd7 41. Ra6 g5 42. Rh6 g4 43. Rh7+ Kc8 44. Kh2 Kb7 45. Kg3 Rc3+ 46. Kh4 Rc1 47. Rxh5 Kxc7 48. Kxg4 Kd6 49. Rf5 Ke6 50. f4 Rc7 51. g3 Rg7+ 52. Rg5 Rf7 53. f5+ Ke5 54. Kh5 Kf6 55. Kh6 Rh7+ 56. Kxh7 Kxg5 57. f6 Kxf6 58. Kh6 Kf7 59. g4 Kg8 60. Kg6 Kh8 61. Kf7 Kh7 62. g5 Kh8 63. Kg6 Kg8 64. Kh6 Kh8 65. g6 Kg8 66. g7 Kf7 67. Kh7 Ke7 68. g8Q Kd6 69. Qe8 Kc7 70. Kg7 Kb7 71. Qd8 Kc6 72. Kf7 Kb7 73. Ke7 Ka6 74. Qb8 Ka5 75. Kd6 Ka4 76. Kc5 Ka5 77. Qb5# 1-0

[Event "SVK-chT5 1718"]
[Site "Slovakia"]
[Date "2018.03.03"]
[Round "8.3"]
[White "Hyza, Richard"]
[Black "Visvader, Rudolf"]
[Result "0-1"]
[WhiteElo "1374"]
[BlackElo "1282"]
[PlyCount "110"]
[EventDate "2017.10.21"]
[EventType "team-tourn"]
[EventRounds "9"]
[EventCountry "SVK"]
[SourceTitle "EXT 2020"]
[Source "ChessBase"]
[SourceDate "2019.10.17"]
[SourceVersion "1"]
[SourceVersionDate "2019.10.17"]
[SourceQuality "1"]
[WhiteTeam "Gbely Nafta IV"]
[BlackTeam "Borsky Mikulas"]
[WhiteTeamCountry "SVK"]
[BlackTeamCountry "SVK"]

1. e4 d5 2. exd5 Qxd5 3. Nc3 Qa5 4. Bc4 Bf5 5. d3 e6 6. Nf3 c6 7. Bf4 Bb4 8. Bd2 Qc7 9. 0-0 Nf6 10. Nb1 Bd6 11. Bc3 Nbd7 12. Nbd2 Bg4 13. Qe1 0-0-0 14. Be5 h6 15. Bxd6 Qxd6 16. d4 Rhe8 17. Qe3 c5 18. c3 Kb8 19. Ne5 Nxe5 20. dxe5 Qxd2 21. Qxd2 Rxd2 22. exf6 gxf6 23. Rab1 Rg8 24. b4 cxb4 25. cxb4 Rd4 26. Bb5 Bh3 27. Rfd1 Rxd1+ 28. Rxd1 Bxg2 29. Be2 Bd5+ 30. Kf1 Bxa2 31. Rd7 Rc8 32. Rxf7 f5 33. Rh7 Bd5 34. f3 Rc1+ 35. Kf2 Rc2 36. Ke1 Bc4 37. Bxc4 Rxc4 38. Rxh6 Rxb4 39. h4 a5 40. h5 a4 41. Rxe6 a3 42. Re2 Rb2 43. Re8+ Ka7 44. Rd8 a2 45. h6 a1Q+ 46. Rd1 Qxd1+ 47. Kxd1 Rh2 48. h7 Rxh7 49. Kd2 b5 50. f4 Rc7 51. Kd3 Kb6 52. Kd4 Rc5 53. Kd3 b4 54. Ke3 b3 55. Kd4 b2 0-1

[Event "SVK-chT5 SE-SI 1617"]
[Site "Slovakia"]
[Date "2017.02.18"]
[Round "7.3"]
[White "Hyza, Richard"]
[Black "Visvader, Rudolf"]
[Result "0-1"]
[WhiteElo "1383"]
[BlackElo "1242"]
[PlyCount "58"]
[EventDate "2016.10.15"]
[EventType "team-tourn"]
[EventRounds "9"]
[EventCountry "SVK"]
[SourceTitle "EXT 2020"]
[Source "ChessBase"]
[SourceDate "2019.10.17"]
[SourceVersion "1"]
[SourceVersionDate "2019.10.17"]
[SourceQuality "1"]
[WhiteTeam "Gbely Nafta V"]
[BlackTeam "Borsky Mikulas"]
[WhiteTeamCountry "SVK"]
[BlackTeamCountry "SVK"]

1. e4 e5 2. Nf3 Nc6 3. Bc4 h6 4. Nc3 Nf6 5. d3 Bc5 6. Be3 d6 7. h3 Bxe3 8. fxe3 0-0 9. Qe2 Ne7 10. 0-0 b6 11. Rad1 Bb7 12. a3 c6 13. d4 exd4 14. exd4 d5 15. Bb3 Nh5 16. Qf2 Qd6 17. Ne2 Ba6 18. Rfe1 Ng6 19. exd5 cxd5 20. Rd2 Rae8 21. c3 Bc8 22. Nh2 Ngf4 23. Nxf4 Nxf4 24. Ng4 f6 25. Rdd1 h5 26. Nh2 Bxh3 27. Qf3 Bxg2 28. Qf2 Nh3+ 29. Kxg2 Nxf2 0-1